书目信息 |
| 书名: | WOODROW WILSON AND WORLD WAR 1917-1921 I | |
| 作者: | ROBERT H.FERRELL. | |
| 分册号: | ||
| 分册名: | 出版地: | Cambridge : |
|
| 出版社: | HARPER | |
| 出版时间: | c1985. | |
| 页数: | 346 p. ; | |
| 开本: | 20cm. | |
| 丛书名: | ||
| 中图分类号: | ||
| 科图分类号: | ||
| 其他分类号: | K712.51 | |
| 主题词: | ||
| 电子资源: | ||
| 000 | 00448nam 2200157 a 4500 | |
| 001 | E0755243090 | |
| 005 | 20070517152347.04 | |
| 008 | 070517s1985 00010 eng | |
| 020 | @a0-06-091216-2(PBK). | |
| 040 | @aPFT@beng | |
| 090 | @aK712.51 | |
| 099 | @dK712.51@ex57 | |
| 245 | 1 | @aWOODROW WILSON AND WORLD WAR 1917-1921 I / @cROBERT H.FERRELL. |
| 260 | @aCambridge :@bHARPER,@cc1985. | |
| 260 | @aAlameda, CA :@bAlameda, CA. | |
| 300 | @a346 p. ;@c20cm. | |
| WOODROW WILSON AND WORLD WAR 1917-1921 I / / ROBERT H.FERRELL.-Cambridge : : HARPER, , c1985.-Alameda, CA : : Alameda, CA. |
| 346 p. ; ; 20cm. |
| ISBN 0-06-091216-2(PBK). |
| ● |
| 相关链接 |
|
|
|
|
正题名:WOODROW WILSON AND WORLD WAR 1917-1921 I
索取号:K712.51/x57
 
预约/预借
| 序号 | 登录号 | 条形码 | 馆藏地/架位号 | 状态 | 备注 |
| 1 | 10397 | 300103974 | 第二样本阅览室/ [索取号:K712.51/x57] | 在馆 |